Investice, vědeckotechnický rozvoj a jejich řízení

Salvato in:
Dettagli Bibliografici
Autore principale: Miková, Libuše
Natura: Libro
Lingua:ceco
Pubblicazione: Praha Státní nakladatelství technické literatury 1983
Edizione:2. přeprac. vyd.
Tags: Aggiungi Tag
Nessun Tag, puoi essere il primo ad aggiungerne!!

MARC

LEADER 00000nam a2200000 4500
001 c132091
005 20041019155254.2
041 0 |a cze 
044 |a CZ 
245 1 0 |a Investice, vědeckotechnický rozvoj a jejich řízení  |c Libuše Miková a kol. 
250 |a 2. přeprac. vyd. 
264 1 |a Praha  |b Státní nakladatelství technické literatury  |c 1983 
300 |a 261 s. 
100 1 |a Miková, Libuše